000 00890cam a2200241 a 4500
001 000006531
005 20200929153939.0
008 930224s1987 cu abc b 000 0dspa
010 _a90166511
040 _aDO-SdBNP
_cDLC
_dDLC
043 _anwcu---
050 0 4 _aF1783.M38
_bC128 1987
100 1 _aCaballero, Armando O.
_918130
245 1 0 _aCasa natal de Jose Marti /
_cArmando O. Caballero.
260 _aSantiago de Cuba :
_bEditorial Oriente,
_c1987.
300 _a99 p. :
_bill. (some col.), map, ports. ;
_c20 cm.
440 0 _aMuseos y monumentos
_918131
504 _aBibliography: p. 98.
600 1 0 _aMarti, Jose,
_d1853-1895
_xHomes and haunts
_zCuba
_zHavana.
_918132
600 1 0 _aMarti, Jose,
_d1853-1895
_xHomes and haunts
_zCuba
_zHavana
_xPictorial works.
_918133
651 0 _aHavana (Cuba{Rpara}
_xBuildings, Structures, Etc.
_918134
910 _aCatalogación por copia / LC
999 _c6322
_d6322